00474nam a2200169Ia 4500003000400000005001700004008004100021020001500062040000700077041000800084082001700092100002300109245010400132260004000236300001500276365001300291OSt20230403154143.0210423s2007 xx 000 0 und d a8130904578 cAL aeng a809.935 BLOH aBLOOM (Harold),Ed. aViva modern critical interpretations Geoffrey Chaucers the general prologue to the Cantebury tales. aNew DelhibViva Books Pvt Ltdc2007 avi,168bPB b125cINR